Географія (Запис № 15350)

000 -Маркер запису
Контрольне поле сталої довжини 01160nam a22002417a 4500
003 - Належність контрольного номера
Контрольне поле Uzh_bibl
008 - Кодовані дані
Контрольне поле сталої довжини 250825b |||||||| |||| 00| 0 ukr d
020 ## - Індекс ISBN
ISBN 5-325-005121-9
Ціна 672.71
040 ## - Джерело каталогіз.
Код мови каталог. укр.
041 ## - Код мови видання
Код мови оригіналу українська
Код мови тексту українська
080 ## - Індекс УДК
Індекс УДК 91
090 ## - Шифри
Поличний індекс 91
Авторський знак Б 41
100 ## - Автор
Автор Бейдик, Олександр
245 ## - Назва
Назва Географія
Фізичний носій Текст
260 ## - Вихідні дані
Місце видання Київ
Видавництво Либідь
Дата видання 1995
300 ## - Фізичний опис
Обсяг 304 с.
Тип одиниці В опр.
520 ## - Анотація
Анотація У посібнику розглдянуто основні питання сучасної географії: географія материків і частин світу, плолітична карта світу,міжнародний географічний поділ праці, географія України, країн СНД і Балтії тощо.
521 ## - Примітка про цільове призначення
Примітка про цільове призначення Для вступників до вищих навчальних закладів, учнів загальноосвітніх шкіл, гімназій та ліцеїв.
546 ## - Примітка про мову
Примітка про мову укр.
650 ## - Тематичні рубрики
Основна рубрика навчальний посібник
700 ## - Інші автори
Інші автори Падун, Микола
942 ## - ADDED ENTRY ELEMENTS (KOHA)
Джерело класифікації чи схема поличного розташування
Koha item type Книги
Фонди
Статус вилучення Статус втрати/відсутності Джерело класифікації чи схема поличного розташування Статус пошкодження Тип обігу (не для випозичання) Постійне розташування Поточне розташування Розташування у відділі Дата надходження Інвентарний номер Total Checkouts Повний (примірниковий) шифр зберігання Штрих-код Date last seen Дата, для якої чинна ціна заміни Тип одиниці (рівень примірника)
          Бібліотека-філія №2 Бібліотека-філія №2 Читальна зала старший відділ 25/08/2025 46241   91 16341 25/08/2025 25/08/2025 Книги

Працює на АБІС Коха